Studies on a new binary accelerator system for the sulfur vulcanization of styrene-butadiene rubber (Record no. 50942)

MARC details
000 -LEADER
fixed length control field 00530nam a2200169Ia 4500
100 ## - MAIN ENTRY--AUTHOR NAME
Personal name Mathew G.[a]
245 #0 - TITLE STATEMENT
Title Studies on a new binary accelerator system for the sulfur vulcanization of styrene-butadiene rubber
260 ## - PUBLICATION, DISTRIBUTION, ETC. (IMPRINT)
Name of publisher Rubber Chemistry and Technology
Year of publication 1992
300 ## - PHYSICAL DESCRIPTION
Number of Pages 277-292
650 ## - SUBJECT ADDED ENTRY--TOPICAL TERM
Topical Term Binary accelerator system
650 ## - SUBJECT ADDED ENTRY--TOPICAL TERM
Topical Term Styrene butadiene rubber
650 ## - SUBJECT ADDED ENTRY--TOPICAL TERM
Topical Term Sulphur vulcanization
700 ## - ADDED ENTRY--PERSONAL NAME
Personal name Kuriakose A.P.
700 ## - ADDED ENTRY--PERSONAL NAME
Personal name Pillai P.V.
942 ## - ADDED ENTRY ELEMENTS (KOHA)
Koha item type Bibliography STAF
Holdings
Withdrawn status Lost status Damaged status Not for loan Home library Current library Shelving location Date acquired Serial Enumeration / chronology Koha item type
      Bibliography RRII Library RRII Library Rubber chemistry 09/04/2014 Volume 65, Issue 2 Bibliography STAF